000 00572nam a2200169 4500
001 133087
003 ES-MaACL
005 20230906194324.0
007 t|
008 070214s1978 sp r ||||1| cat d
100 1 _aRubí, Basilio.
_9100301
245 1 3 _aUn segle de vida caputxina a Catalunya
_b: 1564-1664 : aproximació histórico-bibliográfica /
_cBasili de Rubí, caputxí.
260 _aBarcelona :
_bCaputxins de Sarríá,
_c1978.
300 _aXXVI, 995 p., 25 lám. :
_bil. ;
_c25 cm.
710 2 _aCapuchinos.
_92437
852 _aES-MaACL
_jL-1914
_bR.103012
999 _c133087
_d133087